Missing Word: Grunge Bands Quiz Stats

 Plays Quiz Updated Sep 23, 2016

Challenge
Share
Tweet
Embed
Score 0/24 Timer 03:00
2 Plays Today
Hint Answer % Correct
NirvanaTeen
97.8%
NirvanaCome
91.4%
SoundgardenHole
87%
SoundgardenLong
86.4%
NirvanaBox
85.3%
NirvanaGirl
84.7%
Stone Temple PilotsLove
79.9%
SoundgardenWorld
52.3%
Pearl JamKiss
51.8%
Stone Temple PilotsBig
49.2%
Alice In ChainsBeside
48.7%
Stone Temple PilotsLines
47.2%
Hint Answer % Correct
Pearl JamBlack
43.7%
Alice In ChainsExcuses
42.1%
Screaming TreesRoses
41.4%
Alice In ChainsBlue
38.7%
Screaming TreesLost
36.8%
Pearl JamFly
35.1%
Stone Temple PilotsPaper
34.8%
Alice In ChainsWrong
34.3%
Pearl JamWho
27.4%
SoundgardenYears
25.7%
Screaming TreesKnow
14.4%
Screaming TreesDollar
12.6%

Today's Daily Dose

Missing Word
Biopics

Word Ladder
Food Idioms

Quick Pick
Diets

On This Day
December 18th II

You're not logged in!

Compare scores with friends on all Sporcle quizzes.
OR
Log In

You Might Also Like...

Show Comments

Extras

Top Quizzes Today


Score Distribution

Your Account Isn't Verified!

In order to create a playlist on Sporcle, you need to verify the email address you used during registration. Go to your Sporcle Settings to finish the process.

Report this User

Report this user for behavior that violates our Community Guidelines.

Details: